000 00474nam a2200169Ia 4500
003 OSt
005 20260316122650.0
008 211028s2015 xx 000 0 und d
040 _cAIMIT LIBRARY
041 _aeng
100 _aD'Souza, Sweethal Vinitha;Vijaykumar, Suchetha
_g121753
_94530
110 _aC G Thomas
_94531
245 _aCenter for health and development /
260 _aMangalore
_c2015
710 _aMetricStream Infotech India
_94532
942 _2ddc
_cPRO
999 _c217601
_d217601